Sabiston Textbook of Surgery : the biological basis of modern surgical practice. (Record no. 42553)

MARC details
000 -LEADER
fixed length control field 00539nam a2200193Ia 4500
020 ## - INTERNATIONAL STANDARD BOOK NUMBER
ISBN 9780323401623
050 ## - CALL MARK
Classification number RD 31 .T69/
100 ## - STATEMENT OF RESPONSIBILITY--MAIN AUTHOR NAME
Personal name [edited by] Courtney M. Townsend Jr. ... [et al.].
245 #0 - TITLE STATEMENT
Title Sabiston Textbook of Surgery : the biological basis of modern surgical practice.
250 ## - EDITION / VOLUME STATEMENT
Edition / Volume statement 20th ed.
260 ## - PUBLICATION, DISTRIBUTION, ETC. (IMPRINT)
Place of publication Philadelphia
260 ## - PUBLICATION, DISTRIBUTION, ETC. (IMPRINT)
Name of publisher Elsevier Saunders
260 ## - PUBLICATION, DISTRIBUTION, ETC. (IMPRINT)
Year of publication 2017
300 ## - PHYSICAL DESCRIPTION
Number of Pages 2146 p
650 ## - SUBJECT ADDED ENTRY--TOPICAL TERM
Topical Term Philadelphia
942 ## - ADDED ENTRY ELEMENTS (KOHA)
Koha item type Books
Holdings
Withdrawn status Lost status Source of classification or shelving scheme Damaged status Not for loan Permanent Location Current Location Shelving location Date acquired Accession Number Price effective from Koha item type
    Library of Congress Classification     Asokoro Library Asokoro Library Items on shelf 06/03/2025 0193504 06/03/2025 Books
    Library of Congress Classification     Asokoro Library Asokoro Library Items on shelf 06/03/2025 0193505 06/03/2025 Books